Fallout 2 Locations - Statistics

General Stats
  • This quiz has been taken 37 times
  • The average score is 12 of 19
Answer Stats
Locations: % Correct
N.C.R.
90%
Vault City
90%
Arroyo
86%
New Reno
83%
San Francisco
83%
Vault 13
79%
Navarro
76%
Vault 15
72%
Klamath
69%
The Den
69%
Modoc
66%
Gecko
62%
Redding
62%
Broken Hills
59%
Golgotha
45%
Raiders
45%
Toxic Caves
38%
S.A.D.
34%
Ghost Farm
31%
No matching quizzes found
Score Distribution
Percent of People with Each Score
Percentile by Number Answered
Your Score History
You have not taken this quiz